Sentidos (Record no. 16093)

MARC details
000 -Etiqueta do registo
Valores 00726nam a2200229 4500
010 ## - Número ISBN
ISBN 9789892343747
021 ## - Número do Depósito Legal
Número 446481/18
100 ## - Dados gerais de processamento
Dados gerais 20190401d2018 m y0pory50030103ba
200 1# - Titulo e menção de responsabilidade
Título próprio Sentidos
Primeira menção de responsabilidade Nuno Lobo Antunes... [et al.]
205 ## - Menção da edição
Edição 7ª ed
210 #9 - Publicação
Local de publicação Alfragide
Nome do editor Lua de Papel,
Data de publicação 2018
215 ## - Descrição física 
Paginação / Volumes 647, [1] p.
Outras indicações físicas il.
Dimensões 24 cm
675 ## - CDU
Notação 616.896-053.2(035)
Edição BN
Língua por
675 ## - CDU
Notação 616.89-008.43-053.2(035)
Edição BN
Língua por
675 ## - CDU
Notação 159.922-053.2(035)
Edição BN
Língua por
675 ## - CDU
Notação 159.94-053.2(035)
Edição BN
Língua por
701 #1 - Co-autor principal (pessoa individual)
Apelido Antunes,
Nome Nuno Lobo,
Datas 1954-
801 #0 - Fonte de origem
País PT
Agência BN
Regras de catalogação RPC
856 41 - Localização e acesso electrónico 
URL <a href="http://rnod.bnportugal.gov.pt/ImagesBN/winlibimg.aspx?skey=&doc=2018425&img=123853&save=true">http://rnod.bnportugal.gov.pt/ImagesBN/winlibimg.aspx?skey=&doc=2018425&img=123853&save=true</a>
990 ## - Elementos KOHA
Tipo de documento Livro
Holdings
Situação do levantamento Estado Número Biblioteca de origem Código de barras Cota Permissão de empréstimo Tipo de documento Forma de aquisição
    BMA Biblioteca Municipal do Alandroal 18175/24 616.89-053-2 ANT   Livro Compra

Powered by Koha